000 00457nam a2200181Ia 4500
005 20230513105237.0
008 131103s9999 xx 000 0 und d
040 _aLoreto College
041 _aEnglish
082 _a823.91
_bJOY
100 _aJoyce, James
245 2 _aA Portrait of the artist as a yong man
_cJames Joyce
260 _aLondon
_bpemguin Books
_c1967
300 _a252p.
650 _aEnglish novels
850 _aLCLIB
942 _cBK
999 _c22446
_d72925